04674cam a2200313 i 45000010009000000050017000090080041000260100017000670200030000840200031001140400028001450420008001730500024001812450159002052640044003643000047004084900052004555040051005075052241005585201179027996500032039786500034040106500038040446500039040827000042041219420008041639520174041719990015043452302973420250221120329.0230322s2024 enka b 001 0 eng  a 2023012439 a9780367771126q(hardback) a9780367775193q(paperback) aDLCbengerdacDLCdDLC apcc00aHD58.8b.R6927 202404aThe Routledge companion to improvisation in organizations c/ edited by Miguel Pina e Cunha, Dusya Vera, António Cunha Meneses Abrantes, and Anne Miner. 1aLondon ;aNew York :bRoutledge,c2024. axxiv, 512 pages :billustrations ;c26 cm.0 aRoutledge companions in business and management aIncludes bibliographical references and index. aPart 1. Conceptual linkages — Improvisation and bricolage: Similarities and differences between two approaches to resource scarcity — Eight paradoxical tensions of organizational improvisation — The Importance of referents for advancing improvisation theory and methods — The improvisation-serendipity nexus — Part 2. Improvisation process: Before, during and after — The improvisational arc: A sensemaking perspective — Preparing to be spontaneous for effective organizational improvisation — Character and improvisation: A recursive relationship — Improvisational decision making: Context, antecedents, and outcomes — Improvisation, routine dynamics, and temporal regularity — Practising strategizing: Novelty as a leap of faith expanding learning and improvising — Part 3. Improvisation in specific contexts — Improvisation in Africa — Locating improvisation in public service management: Past, present, and future research directions — Organizational improvisation in project management — Professional service firms: Why is improvisation so important? — Team leadership, momentum, and improvisation in extreme contexts — Managing improvisation in dispersed settings — Part 4. Improvisational theater beyond metaphor — Improvisation as a design for organizational emergence — Improvisational theater in organizations: Between company expectations and effects on individuals and teams — Theatrical improvisation for organizational improvisation education — Part 5. Improvisation and new organizational forms — Improvising around and about boundaries in open organizations — Agility and improvisation — Flow with the go: Real-time continuous improvisation in digital business ecosystems — Advancing improvisation within entrepreneurship research — Part 6. Conceptual expansions and conclusions — Improvisation: A taste of chaos in the middle of order and a taste of order in the middle of chaos — Strategic improvisation in loosely coupled systems — Improvisation in organizations: A review with a phenomenological research agenda — Why ever stop improvising? Why endings matter for theory and practice — Epilogue — Improvisation in organizations: Looking ahead a"This innovative volume provides a comprehensive overview of improvisation as a pervasive organizational process, essential in ever-changing business environments. Exploring theories of organizational action as well as contemporary challenges, it highlights improvisation's rich potential in theory building and practice. The value and relevance of improvisational capabilities and processes in organizations are more apparent than ever: the global pandemic has forced organizations to reinvent themselves and to adapt to dramatic change on a massive scale. This surge in improvised activity starkly illustrates how the capability to improvise is key to organizational resilience: organizations that are able to improvise effectively are better prepared to bounce back and even thrive. From the latest thinking on improvisation in organizations to future avenues for research, this volume demonstrates the rich potential for both theory building and practice, and provides a valuable resource for researchers and advanced students in organizational strategy, entrepreneurship, product development, information systems, disaster management, and HRM"--cProvided by publisher. 0aOrganizational change92599 0aOrganizational behavior92566 0aOrganizational resilience.924830 0aCreative ability in business94129 aCunha, Miguel Pina e,eeditor.924831 2lcc 00102lcc4070aTBSbTBSd2025-02-21l0oSOON AVAILABLEr2025-02-21t1w2025-02-21y1zIt is not in the library. It is displayed in the showcase of the desk on floor 0. c4511d4511